La puntuación correcta / (Record no. 104927)

MARC details
000 -LEADER
campo de control de longitud fija 00604nam a2200205 i 4500
001 - NÚMERO DE CONTROL
campo de control 104927
003 - IDENTIFICADOR DE NÚMERO DE CONTROL
campo de control ES-MaACL
005 - FECHA Y HORA DE LA ÚLTIMA TRANSACCIÓN
campo de control 20230906183727.0
007 - CAMPO FIJO DE DESCRIPCIÓN FÍSICA--INFORMACIÓN GENERAL
campo de control de longitud fija t|
008 - DATOS DE LONGITUD FIJA--INFORMACIÓN GENERAL
campo de control de longitud fija 060529s1974 sp |||| | spa d
020 ## - NÚMERO INTERNACIONAL ESTÁNDAR DEL LIBRO
Número Internacional Estándar del Libro 84-400-7044-6
080 ## - NÚMERO DE LA CLASIFICACIÓN DECIMAL UNIVERSAL
Número de la Clasificación Decimal Universal 808.1:811.134.2
100 1# - ENTRADA PRINCIPAL--NOMBRE DE PERSONA
Nombre de persona Lineres, Mario.
9 (RLIN) 72431
245 13 - MENCIÓN DEL TÍTULO
Título La puntuación correcta /
Mención de responsabilidad, etc. Mario Linares.
260 ## - PUBLICACIÓN, DISTRIBUCIÓN, ETC.
Lugar de publicación, distribución, etc. Ávila :
Nombre del editor, distribuidor, etc. [M. Linares,
Fecha de publicación, distribución, etc. 1974]
300 ## - DESCRIPCIÓN FÍSICA
Extensión 154 p. ;
Dimensiones 19 cm.
650 14 - PUNTO DE ACCESO ADICIONAL DE MATERIA--TÉRMINO DE MATERIA
Término de materia o nombre geográfico como elemento de entrada Lengua española-
Subdivisión general Puntuación.
9 (RLIN) 141025
650 04 - PUNTO DE ACCESO ADICIONAL DE MATERIA--TÉRMINO DE MATERIA
Término de materia o nombre geográfico como elemento de entrada Redacción.
9 (RLIN) 16706
852 ## - LOCALIZACIÓN
Ubicación ES-MaACL
Número de control de estantería E-11338
Nota libre . - Biblioteca Jacinto Martínez Lacalle
Holdings
Estatus retirado Estado de pérdida Estado de daño No para préstamo Biblioteca de origen Biblioteca actual Ubicación en estantería Fecha de adquisición Fuente de adquisición Total de préstamos Signatura topográfica completa Código de barras Visto por última vez Precio de reemplazo Tipo de ítem Koha
        Biblioteca del Ateneo de Madrid Biblioteca del Ateneo de Madrid Depósito 2 17/01/2008     E-11338 1109541 23/02/2023 23/02/2023 Libro impreso